00628 a2200181 450000100060000002000180000604000220002410000180004624000360006424500310010030000070013136200090013865000590014794200070020695201080021395201080032199900170042959950 a9783190016365 cAnchieta - Pituba aEppert, Franz10aDeutsch mit vater und sohnlpor10aDeutsch mit vater und sohn a900 a2001 4aLínguas germânicas (teutônicas) língua alemã cBK 00104070a91.1b91.1d2023-11-21l0o430 E64d EPP DEUp11442/PITr2023-11-21 18:28:01w2023-11-21yBK 00104070a91.1b91.1d2023-11-21l0o430 E64d EPP DEUp11443/PITr2023-11-21 18:28:01w2023-11-21yBK c59950d59950